Największe miasta Rzeczpospolitej Obojga Narodów. - Statystyki

Ogólne statystyki
  • Ten quiz został rozwiązany 583 razy
  • Średni wynik to 7 z 14
Statystyki odpowiedzi
# Ludność Miasto % Poprawnych
2. 35 000 Kraków
99%
7. 12 000 Warszawa
99%
1. 53 000 Gdańsk
94%
3. 20 000 Lwów
89%
4. 20 000 Poznań
85%
8. 10 000 Lublin
73%
5. 17 500 Toruń
60%
10. 5 000 Gniezno
38%
6. 15 000 Elbląg
23%
14. 5 000 Przemyśl
22%
11. 5 000 Nowy Sącz
12%
12. 5 000 Wieliczka
7%
9. 6 000 Braniewo
4%
13. 5 000 Olkusz
3%
Nie znaleziono quizów pasujących do podanych kryteriów
Rozkład punktacji
Procent ludzi z każdym wynikiem
Percentyl według liczby udzielonych odpowiedzi
Twoja historia wyników
Nie rozwiązałeś tego quizu